000 00419nam a22001217a 4500
999 _c9784
_d9784
003 OSt
008 201203b ||||| |||| 00| 0 eng d
245 _aThe ICFAI University Journal of Organizational Behaviour
250 _a2007(Oct Vol.6 No.4) 2008(Jan Vol.7 No.1, Apr Vol.7 No.2, Jul Vol.7 No.3, Oct Vol.7 No.4)
260 _aHyderabad, Andhra Pradesh
_bICFAI University Press
650 _aManagement
942 _2ddc
_cBV